000 00682nam a2200205 a 4500
001 000042945
005 20201002040522.0
008 140213s2013 ht 000 0 spa d
020 _a9789997000170
040 _aDO-SdBNP
_bspa
_cBNPHU
082 _axxx
_bxxx
245 0 0 _aHaití y República Dominicana :
_bmiradas desde el siglo XXI /
_ccoordinado por André Corten.
260 _aPétion-Ville, Haití :
_bC3 Editions,
_c2013.
300 _a219 p. ;
_c22 cm.
490 1 _aBohío
500 _aIncluye referencias bibliográficas y notas al pie de las páginas
504 _aBibliografía : p. [179]-186
700 1 2 _aCorten, André
_ecoord.
_912665
830 0 _aBohío
_970437
999 _c42434
_d42434